| 000 | 00705cam a2200253 4500 | ||
|---|---|---|---|
| 001 | X128849 | ||
| 008 | 050218n2005 000 0 eng u | ||
| 035 | _a(Sirsi) u128849 | ||
| 245 | _aFocus: West London boroughs | ||
| 260 | _c2005 | ||
| 490 |
_aEstates Gazette _v(0503) 22 January 2005, 73-93(9) |
||
| 650 | _aRETAIL | ||
| 650 | _aPLANNING | ||
| 650 | _aPROPERTY-COMMERCIAL PROPERTY-OFFICE PROPERTY-OFFICE PROPERTY MARKET | ||
| 650 |
_aInfrastructure _96246 |
||
| 650 | _aHEATHROW | ||
| 650 | _aSHEDS | ||
| 650 | _aHOUNSLOW | ||
| 650 | _aFULHAM | ||
| 650 | _aRELOCATION | ||
| 650 | _aWEST LONDON TRAM | ||
| 690 | _aPROPERTY-COMMERCIAL PROPERTY-COMMERCIAL PROPERTY MARKET | ||
| 942 | _n0 | ||
| 999 |
_c74817 _d74817 |
||